| 000 | 00680nam a22001937a 4500 | ||
|---|---|---|---|
| 003 | OSt | ||
| 008 | 240522b2020 |||||||| |||| 00| 0 eng d | ||
| 020 | _a9789353944698 | ||
| 082 |
_a658.7 _bTAT-S |
||
| 100 | _aTate, Wendy L. | ||
| 245 |
_aThe definitive guide to supply management and procurement : _bprinciples and strategies for establishing efficient, effective, and sustainable supply management operations / _cWendy L. Tate. |
||
| 260 |
_aUttar Pradesh : _bPearson, _c2020. |
||
| 300 | _aix, 165 p. ; | ||
| 650 | _aBusiness logistics. | ||
| 650 | _aBusiness networks. | ||
| 650 | _aOrganizational change. | ||
| 650 | _aSupply and demand-Management. | ||
| 942 |
_2ddc _cBK _03 |
||
| 999 |
_c20575 _d20575 |
||